The scheduled tribes and other traditional forest dwellers (recognition of forest rights) act, 2006: impact on forest conservation in India (Record no. 495210)

000 -LEADER
fixed length control field 00563cam a22001337a 4500
008 - FIXED-LENGTH DATA ELEMENTS--GENERAL INFORMATION
fixed length control field 180718b2009 xxu||||| |||| 00| 0 eng d
082 ## - DEWEY DECIMAL CLASSIFICATION NUMBER
Classification number APPPA 2008-09/SHA
100 ## - MAIN ENTRY--PERSONAL NAME
Personal name Sharma, Jitendra Vir
245 ## - TITLE STATEMENT
Title The scheduled tribes and other traditional forest dwellers (recognition of forest rights) act, 2006: impact on forest conservation in India
Statement of responsibility, etc. by Jitendra Vir Sharma
260 ## - PUBLICATION, DISTRIBUTION, ETC.
Place of publication, distribution, etc. New Delhi
Name of publisher, distributor, etc. Indian Institute of Public Administration
Date of publication, distribution, etc. 2009
300 ## - PHYSICAL DESCRIPTION
Extent 170p.
650 ## - SUBJECT ADDED ENTRY--TOPICAL TERM
Topical term or geographic name entry element Forest conservation - India
650 ## - SUBJECT ADDED ENTRY--TOPICAL TERM
Topical term or geographic name entry element Scheduled castes and scheduled tribes - India
Holdings
Withdrawn status Lost status Damaged status Not for loan Permanent Location Current Location Date acquired Full call number Barcode Date last seen Price effective from Koha item type
        Indian Institute of Public Administration Indian Institute of Public Administration 2018-08-04 APPPA 2008-09/SHA GR18318 2023-03-21 2018-08-04 GR

Powered by Koha